Soli chemistry (Record no. 5057)

MARC details
000 -LEADER
fixed length control field 00370nam a22001697a 4500
005 - DATE AND TIME OF LATEST TRANSACTION
control field 20160701114453.0
008 - FIXED-LENGTH DATA ELEMENTS--GENERAL INFORMATION
fixed length control field 160701b xxu||||| |||| 00| 0 eng d
020 ## - INTERNATIONAL STANDARD BOOK NUMBER
ISBN 978-81-265-300-7
041 ## - LANGUAGE CODE
Language code of text/sound track or separate title eng
082 ## - DEWEY DECIMAL CLASSIFICATION NUMBER
Item number 20335
100 ## - MAIN ENTRY--AUTHOR NAME
Personal name Botin
245 ## - TITLE STATEMENT
Title Soli chemistry
260 ## - PUBLICATION, DISTRIBUTION, ETC. (IMPRINT)
Name of publisher Willy
Year of publication 2011
300 ## - PHYSICAL DESCRIPTION
Number of Pages 302
650 ## - SUBJECT ADDED ENTRY--TOPICAL TERM
Topical Term Agriculture
942 ## - ADDED ENTRY ELEMENTS (KOHA)
Koha item type Books
Holdings
Lost status Damaged status Collection code Home library Current library Shelving location Date acquired Source of acquisition Cost, normal purchase price Full call number Accession Number Koha item type
    Reference JRU Library JRU Library SHELF-2-D 01/07/2016 PURCHASE 995.00 631.41 20335 Books
    AGRICULTURE JRU Library JRU Library SHELF-45-E 01/07/2016 PURCHASE 995.00 631.41 20336 Books
    AGRICULTURE JRU Library JRU Library SHELF-45-E 01/07/2016 PURCHASE 995.00 631.41 20337 Books
    AGRICULTURE JRU Library JRU Library SHELF-45-E 01/07/2016 PURCHASE 995.00 631.41 20338 Books
    AGRICULTURE JRU Library JRU Library SHELF-45-E 01/07/2016 PURCHASE 995.00 631.41 20339 Books